Los Premios San Jorge para pintura y escultura : discernidos por la Excma. Diputación Provincial de Barcelona en la convocatoria de 1950 discernidos por la Excma. Diputación Provincial de Barcelona en la convocatoria de 1950
Descripción Física:
Il·lustracions
Colección:
San Jorge,
; núm. 1 (gener 1951), pàg. 15-16
Idioma:
Español
MARC
| LEADER | 00000naa a2200000 a 4500 | ||
|---|---|---|---|
| 003 | Arxiu | ||
| 005 | 20260324181032.0 | ||
| 008 | 160829s1951 spcaxx s spa c | ||
| 040 | |a agdb | ||
| 245 | 0 | 4 | |a Los Premios San Jorge para pintura y escultura : |b discernidos por la Excma. Diputación Provincial de Barcelona en la convocatoria de 1950 |
| 300 | |b Il·lustracions | ||
| 490 | |a San Jorge, |v núm. 1 (gener 1951), pàg. 15-16 | ||
| 590 | |a Conté les bases de 1951 | ||
| 590 | |a 1r. Premi d'escultura San Jorge de Francisco Sitjar Cerdá | ||
| 590 | |a 1r Premi de pintura óleo de Luis Ma Güell | ||
| 610 | 1 | 0 | |a Barcelona (Catalunya : Província). |b Diputació |x Premis |9 54545 |
| 773 | |t San Jorge. |g Núm. 1 (gener 1951), pàg. 15-16 | ||
| 901 | |a Arxiu | ||
| 942 | |n 1 |2 udc |c ART | ||
| 952 | |0 0 |1 0 |4 0 |7 1 |9 64510 |a Arxiu |b Arxiu |d 2022-11-30 |o Rev-508 |r 2022-11-30 00:00:00 |w 2022-11-30 |y ARXIU |z També disponible a Rev-521 | ||
| 999 | |c 47790 |d 47790 | ||